01436nam1a22002051i 4500001001100000005001700011035002600028100004100054101000800095102000700103105001800110200063500128210007200763215000700835606011200842710021700954801001801171801002201189852001901211rc\438978720240724144539.0 a(NLR Aleph) 008552909 a20130416d1967 |||y0rusy50 ca0 arus aRU ay z |||||1 aТезисы докладовeВып. 1-fАН СССР. Объед. науч. совет "Физиология человека и животных". М-во здравоохранения СССР. Целиногр. мед. ин-т. М-во сел. хоз-ва СССР. Целиногр. с.-х. ин-т. VIII науч. конференция по кортико-висцеральным взаимоотношениям в физиологии, медицине и биологии, посвящ. 50-летию Великой Октябрьской соц. революции. 20-27 апр. 1967 г., Целиноград aЛенинградcНаука. Ленингр. отд-ниеd1967 d21 aКортико-висцеральные взаимоотношенияjТезисы докладов2psbo12aВсесоюзная конференция по кортико-висцеральным взаимоотношениям в физиологии, медицине и биологии (1967; Целиноград) 0aRUbNLRgpsbo 1aRUbELAR2rusmarc aNLRj67-5/2501